The theory of group representations /
Guardado en:
| Autor Principal: | |
|---|---|
| Formato: | Libro |
| Idioma: | English |
| Publicado: |
Baltimore :
Johns Hopkins Press,
1938.
|
| Etiquetas: |
Agregar Etiqueta
Sin Etiquetas, Sea el primero en etiquetar este registro!
|
| LEADER | 00430nam a22001335a 4500 | ||
|---|---|---|---|
| 001 | MAT.inmabb000372 | ||
| 008 | 031211s1938####xxu###########001#0#eng#d | ||
| 005 | 20110301154216.0 | ||
| 245 | 1 | 4 | |a The theory of group representations / |c by Francis D. Murnaghan. |
| 260 | |a Baltimore : |b Johns Hopkins Press, |c 1938. | ||
| 300 | |a xi, iv, 369 p. ; |c cm. | ||
| 100 | 1 | |a Murnaghan, Francis D. | |
| 084 | |a 20Cxx |2 msc2000 | ||
| 859 | |h 20 |i M977 |p A-106 |b BIB. MATEMATICA | ||
